[Event "It (open)"]
[Site "masterchessopen.com Hoogeveen (Netherlands)"]
[Date "2009.10.20"]
[Round "5"]
[White "Timmermans Ivo (NED)"]
[Black "Gruenfeld Yehuda (ISR)"]
[Result "0-1"]
[WhiteElo "2223"]
[BlackElo "2490"]

1.e4 e5 2.Nf3 Nc6 3.Bb5 a6 4.Ba4 Nf6 5.O-O Be7 6.Re1 b5 7.Bb3 d6 8.c3 O-O 9.h3
Nb8 10.d4 Nbd7 11.Nbd2 Bb7 12.Bc2 Re8 13.Nf1 Bf8 14.Ng3 g6 15.a4 c6 16.b3 Qc7
17.Bg5 h6 18.Bd2 Bg7 19.Nh2 d5 20.dxe5 Nxe4 21.Nxe4 dxe4 22.Bxe4 Nxe5 23.Nf3
Nd7 24.axb5 cxb5 25.Bxb7 Qxb7 26.Rxe8+ Rxe8 27.Qc2 Nc5 28.Re1 Rc8 29.Nd4 b4
30.Be3 bxc3 31.f3 Qb4 32.Rd1 a5 {#R} 0-1

[Event "It (open) \"]
[Site "masterchessopen.com Berlin (Germany)"]
[Date "2009.10.22"]
[Round "6"]
[White "Niehaus Frank (GER)"]
[Black "Cremer Jan Paul (GER)"]
[Result "1-0"]
[WhiteElo "2149"]
[BlackElo "1859"]

1.e4 e5 2.Nf3 Nc6 3.Bb5 a6 4.Ba4 Nf6 5.O-O Be7 6.Re1 b5 7.Bb3 d6 8.c3 O-O 9.h3
Nb8 10.d4 Nbd7 11.Nbd2 Bb7 12.Bc2 Re8 13.Nf1 Bf8 14.Ng3 g6 15.Bg5 h6 16.Bd2 c5
17.a4 Nb6 18.b3 bxa4 19.bxa4 Nc4 20.dxe5 dxe5 21.Qe2 Nxd2 22.Nxd2 a5 23.Bd3
Qc7 24.Rab1 Red8 25.Rb2 Nd7 26.Reb1 Rab8 27.Ngf1 Bc6 28.Bb5 Bxb5 29.Rxb5 Nb6
30.Nc4 Nxa4 31.Qc2 {#r} 1-0

[Event "Ch Europe (team)"]
[Site "masterchessopen.com Novi Sad (Serbia)"]
[Date "2009.10.22"]
[Round "1"]
[White "Jones Richard S (WLS)"]
[Black "Smeets Jan (NED)"]
[Result "0-1"]
[WhiteElo "2321"]
[BlackElo "2632"]

1.e4 e5 2.Nf3 Nc6 3.Bb5 a6 4.Ba4 Nf6 5.O-O Be7 6.Re1 b5 7.Bb3 d6 8.c3 O-O 9.h3
Nb8 10.d4 Nbd7 11.Nbd2 Bb7 12.Bc2 c5 13.b3 cxd4 14.cxd4 exd4 15.Nxd4 Re8
16.Bb2 Bf8 17.Nf5 g6 18.Ng3 Bg7 19.Rb1 Rc8 20.Nf3 Qc7 21.Re2 Nc5 22.b4 Ne6
23.Qd2 d5 24.Bxf6 Bxf6 25.exd5 Red8 26.Ne4 Bg7 27.d6 Qxc2 {#R} 0-1

[Event "Ch Croatia (team) (4th league) (qual)"]
[Site "masterchessopen.com Hum na Sutli (Croatia)"]
[Date "2009.11.08"]
[Round "1"]
[White "Gorup Damir (CRO)"]
[Black "Buric Zdenko (CRO)"]
[Result "0-1"]
[WhiteElo "2012"]
[BlackElo "2072"]

1.e4 e5 2.Nf3 Nc6 3.Bb5 a6 4.Ba4 Nf6 5.O-O b5 6.Bb3 Be7 7.Re1 d6 8.c3 O-O 9.h3
Nb8 10.d4 Nbd7 11.Nbd2 Bb7 12.Bc2 Re8 13.Nf1 Bf8 14.Ng3 g6 15.Bg5 h6 16.Bd2
Bg7 17.Nh2 c5 18.d5 c4 19.f4 exf4 20.Bxf4 Ne5 21.Nf3 Nfd7 22.Kh2 Nxf3+ 23.gxf3
Ne5 24.Rf1 Qh4 25.Be3 Bc8 26.Nf5 gxf5 27.exf5 Ng4+ 28.fxg4 Rxe3 29.Rf3 Be5+
30.Kg2 Qg5 31.Qd2 Rxf3 32.Qxg5+ hxg5 33.Kxf3 Kg7 34.a4 Bb7 35.Be4 Kf6 36.axb5
axb5 37.Rxa8 Bxa8 {#R} 0-1

[Event "Ch World (juniors) (under 14)"]
[Site "masterchessopen.com Kemer (Turkey)"]
[Date "2009.11.18"]
[Round "7"]
[White "Giroyan Gary (FRA)"]
[Black "Mindlin Alon (ISR)"]
[Result "1-0"]
[WhiteElo "2202"]
[BlackElo "2006"]

1.e4 e5 2.Nf3 Nc6 3.Bb5 a6 4.Ba4 Nf6 5.O-O Be7 6.Re1 b5 7.Bb3 d6 8.c3 O-O 9.h3
Nb8 10.d4 Nbd7 11.Nbd2 Bb7 12.a4 Re8 13.Bc2 Bf8 14.Qe2 c6 15.Nf1 g6 16.Ng3 Qc7
17.Bg5 h6 18.Be3 Bg7 19.Qd2 Kh7 20.b3 d5 21.dxe5 Nxe4 22.Bxe4 dxe4 23.Nxe4
Nxe5 24.Nxe5 Rad8 25.Qc1 Qxe5 {#r} 1-0

[Event "It \"]
[Site "masterchessopen.com Rijeka (Croatia)"]
[Date "2009.11.29"]
[Round "2"]
[White "Fucak Emilijo (CRO)"]
[Black "Kazhgaleyev Murtas (KAZ)"]
[Result "0-1"]
[WhiteElo "2271"]
[BlackElo "2639"]

1.e4 e5 2.Nf3 Nc6 3.Bb5 a6 4.Ba4 Nf6 5.O-O Be7 6.Re1 b5 7.Bb3 d6 8.c3 O-O 9.h3
Nb8 10.d4 Nbd7 11.Nbd2 Bb7 12.Bc2 Re8 13.a4 Bf8 14.Bd3 c6 15.b3 g6 16.Ba3 Qb6
17.Qc2 Nh5 18.a5 Qa7 19.Bb2 Nf4 20.Bf1 exd4 21.cxd4 d5 22.Ne5 Nxe5 23.dxe5
Rad8 24.exd5 cxd5 25.g3 Ne6 26.Ba3 Rc8 27.Qd1 b4 28.Bb2 Bc5 29.Qf3 Bd4 30.Bxd4
Nxd4 31.Qe3 Rc3 32.Bd3 Qc5 33.Rab1 Bc8 34.g4 f5 35.Qh6 Qf8 36.Qe3 {#R} 0-1

[Event "It (open)"]
[Site "masterchessopen.com London (England)"]
[Date "2009.12.09"]
[Round "2"]
[White "Stephan Axel (GER)"]
[Black "Wells Peter K (ENG)"]
[Result "0-1"]
[WhiteElo "2257"]
[BlackElo "2498"]

1.e4 e5 2.Nf3 Nc6 3.Bb5 a6 4.Ba4 Nf6 5.O-O Be7 6.Re1 b5 7.Bb3 d6 8.c3 O-O 9.h3
Nb8 10.d4 Nbd7 11.Nbd2 Bb7 12.Bc2 Re8 13.Nf1 Bf8 14.Ng3 g6 15.a4 c5 16.d5 c4
17.Be3 Nc5 18.Qd2 Rb8 19.Ra3 Bc8 20.axb5 axb5 21.Nh2 h5 22.Bg5 Be7 23.f4 Qb6
24.Kh1 b4 25.cxb4 Qxb4 26.fxe5 Nxd5 27.exd5 Bxg5 28.Qxb4 Rxb4 29.Nf3 Bf4
30.exd6 Rxe1+ 31.Nxe1 Kg7 32.Ne4 Nxe4 33.Bxe4 Bxd6 {#R} 0-1

[Event "It (open) \"]
[Site "masterchessopen.com Krakow (Poland)"]
[Date "2010.01.02"]
[Round "6"]
[White "Bebchuk Leonid (ISR)"]
[Black "Bartel Michal (POL)"]
[Result "0-1"]
[WhiteElo "2168"]
[BlackElo "2299"]

1.e4 e5 2.Nf3 Nc6 3.Bb5 a6 4.Ba4 Nf6 5.O-O Be7 6.Re1 b5 7.Bb3 d6 8.c3 O-O 9.h3
Nb8 10.d4 Nbd7 11.Nbd2 Bb7 12.Bc2 Re8 13.a4 Bf8 14.b3 c6 15.Ba3 Qc7 16.Nf1 g6
17.N1h2 Rad8 18.Ng4 Bg7 19.Qd2 Nxg4 20.hxg4 exd4 21.cxd4 c5 22.Bb2 bxa4
23.Rxa4 d5 24.exd5 Rxe1+ 25.Nxe1 Nb6 26.Ra2 Nxd5 27.Qa5 cxd4 28.Be4 Re8 29.f3
Qg3 30.Ra1 Nf4 31.Ba3 Nh3+ 32.Kh1 Be5 33.Qxe5 Rxe5 34.Bd6 Bxe4 35.gxh3 Bxf3+
{#R} 0-1

[Event "It (open)"]
[Site "masterchessopen.com Gora Sw. Anny (Poland)"]
[Date "2010.02.08"]
[Round "2"]
[White "Cukrowski Filip (POL)"]
[Black "Korpalska Joanna (POL)"]
[Result "1-0"]
[WhiteElo "1961"]
[BlackElo "1533"]

1.e4 e5 2.Nf3 Nc6 3.Bb5 a6 4.Ba4 Nf6 5.O-O Be7 6.Re1 b5 7.Bb3 d6 8.h3 O-O 9.c3
Nb8 10.d4 Nbd7 11.Nbd2 Re8 12.Bxf7+ Kxf7 13.Ng5+ Kg8 14.Ne6 Bb7 15.Nxd8 Raxd8
16.b3 Bf8 17.d5 Nc5 18.Qf3 Kh8 19.c4 b4 20.a3 a5 21.axb4 axb4 22.Nf1 Be7
23.Ng3 Rg8 24.Nf5 Bf8 25.Bg5 Ncd7 26.Ra7 Rb8 27.Rea1 Ne8 28.Bd2 Nef6 29.Bxb4
Ne8 30.Bd2 Nef6 31.h4 Ne8 32.h5 h6 33.Nh4 Nef6 34.Ng6+ Kh7 35.Qf5 {#r} 1-0

[Event "It (cat.1) (a)"]
[Site "masterchessopen.com Budapest (Hungary)"]
[Date "2010.02.10"]
[Round "5"]
[White "Lengyel Bela (HUN)"]
[Black "Binder Michael (AUT)"]
[Result "1-0"]
[WhiteElo "2261"]
[BlackElo "2294"]

1.e4 e5 2.Nf3 Nc6 3.Bb5 a6 4.Ba4 Nf6 5.O-O Be7 6.Re1 b5 7.Bb3 d6 8.c3 O-O 9.h3
Nb8 10.d4 Nbd7 11.Nbd2 Bb7 12.Bc2 Re8 13.Nf1 d5 14.exd5 exd4 15.Nxd4 Nxd5
16.a4 c5 17.Nf5 Bf8 18.Qg4 Kh8 19.Bg5 f6 20.Bd2 Ne5 21.Qg3 Qd7 22.Rad1 Qf7
23.f4 Ng6 24.Nh4 Nxh4 25.Qxh4 f5 26.Nh2 Nb6 27.axb5 axb5 28.Qf2 Nc4 29.Bc1 g6
30.Nf3 Qc7 31.b3 Nd6 32.Ne5 Rad8 33.c4 Kg8 34.cxb5 Nxb5 35.Bd3 Nd6 36.Be3 Ne4
37.Bc4+ Bd5 38.Rxd5 {#r} 1-0

[Event "It (open) (b)"]
[Site "masterchessopen.com Zagreb (Croatia)"]
[Date "2010.03.03"]
[Round "8"]
[White "Blazeka Matej (CRO)"]
[Black "Vukovic Ivo (CRO)"]
[Result "0-1"]
[WhiteElo "2132"]
[BlackElo "2251"]

1.e4 e5 2.Nf3 Nc6 3.Bb5 a6 4.Ba4 Nf6 5.O-O Be7 6.Re1 b5 7.Bb3 d6 8.c3 O-O 9.h3
Nb8 10.d4 Nbd7 11.Nbd2 Bb7 12.Bc2 c5 13.d5 g6 14.Nf1 Re8 15.N3h2 Bc8 16.Ng4
Nxg4 17.hxg4 Bg5 18.Ne3 Nf6 19.f3 h5 20.gxh5 Nxh5 21.g4 Nf4 22.Ng2 Nh3+ 23.Kh2
Kg7 24.Bxg5 Nxg5 25.Kg3 Rh8 26.Rh1 Rxh1 27.Qxh1 Qf6 28.Ne3 Qf4+ 29.Kf2 Bd7
30.Qg2 Rh8 31.Nf1 Rh3 32.Bd1 Nxe4+ 33.Ke1 Ng5 34.Kf2 e4 {#R} 0-1

[Event "Ch Italy (team)"]
[Site "masterchessopen.com Legnano (Italy)"]
[Date "2010.03.28"]
[Round "5"]
[White "David Alberto (LUX)"]
[Black "Bellia Fabrizio (ITA)"]
[Result "1-0"]
[WhiteElo "2589"]
[BlackElo "2399"]

1.e4 e5 2.Nf3 Nc6 3.Bb5 a6 4.Ba4 Nf6 5.O-O Be7 6.Re1 b5 7.Bb3 d6 8.c3 O-O 9.h3
Nb8 10.d4 Nbd7 11.Nbd2 Bb7 12.Bc2 c5 13.Nf1 cxd4 14.cxd4 exd4 15.Ng3 Re8
16.Bf4 Bf8 17.Nxd4 Nc5 18.Qf3 g6 19.Rad1 Rc8 20.Bg5 Ncd7 21.Qf4 Qe7 22.Bb3 Qe5
23.Qh4 Bg7 24.Bf4 Qc5 25.Ndf5 gxf5 26.Bxd6 Qc6 27.Nxf5 Rxe4 28.Qg5 {#r} 1-0

[Event "Ch Europe (seniors)"]
[Site "masterchessopen.com Thessaloniki (Greece)"]
[Date "2010.04.13"]
[Round "4"]
[White "Roose Jan (BEL)"]
[Black "Butnorius Algimantas (LTU)"]
[Result "0-1"]
[WhiteElo "2288"]
[BlackElo "2439"]

1.e4 e5 2.Nf3 Nc6 3.Bb5 a6 4.Ba4 Nf6 5.O-O Be7 6.Re1 b5 7.Bb3 d6 8.c3 O-O 9.h3
Nb8 10.d4 Nbd7 11.Nbd2 Bb7 12.Bc2 Re8 13.Nf1 Bf8 14.Ng3 g6 15.a4 c5 16.d5 c4
17.Bg5 h6 18.Be3 Nc5 19.Qd2 h5 20.Bg5 Be7 21.Ra2 Nfd7 22.Be3 Qc7 23.Ng5 Bf6
24.Rea1 Bg7 25.Qd1 Nf6 26.Nf1 Nfd7 27.Nd2 Reb8 28.g3 Qd8 29.Nb1 Qf8 30.axb5
axb5 31.Rxa8 Rxa8 32.Na3 Ba6 33.Qf3 Rb8 34.Nxc4 bxc4 35.Rxa6 {#R} 0-1

[Event "Ch Commonwealth"]
[Site "masterchessopen.com Delhi (India)"]
[Date "2010.05.10"]
[Round "2"]
[White "Kravtsiv Martyn (UKR)"]
[Black "Singh Rishipal S (IND)"]
[Result "1-0"]
[WhiteElo "2559"]
[BlackElo "2177"]

1.e4 e5 2.Nf3 Nc6 3.Bb5 a6 4.Ba4 Nf6 5.O-O Be7 6.Re1 b5 7.Bb3 d6 8.c3 O-O 9.h3
Nb8 10.d4 Nbd7 11.Nbd2 Bb7 12.Bc2 Re8 13.a4 Bf8 14.Bd3 c6 15.b4 g6 16.Nb3 d5
17.Na5 Qc7 18.dxe5 dxe4 19.Bxe4 Nxe4 20.Rxe4 Nc5 21.bxc5 Qxa5 22.Qb3 Bc8
23.Ng5 Be6 24.Nxe6 Rxe6 25.Be3 Rd8 26.Rc1 Rd5 27.c4 bxc4 28.Rexc4 Qd8 29.f4 f6
30.Rd4 fxe5 31.Rxd5 cxd5 32.c6 exf4 33.c7 Qc8 34.Bxf4 {#r} 1-0

[Event "Ch Moscow (w)"]
[Site "masterchessopen.com Moscow (Russia)"]
[Date "2010.05.22"]
[Round "2"]
[White "Zaryvkina Anastasia (RUS)"]
[Black "Severina Maria (RUS)"]
[Result "0-1"]
[WhiteElo "2063"]
[BlackElo "2032"]

1.e4 e5 2.Nf3 Nc6 3.Bb5 a6 4.Ba4 Nf6 5.O-O Be7 6.Re1 b5 7.Bb3 d6 8.c3 Nb8 9.h3
O-O 10.d4 Nbd7 11.Nbd2 Bb7 12.Bc2 Re8 13.Nf1 Bf8 14.d5 c6 15.dxc6 Bxc6 16.g4
d5 17.exd5 Nxd5 18.Be4 Ne7 19.Ng5 Bxe4 20.Nxe4 Ng6 21.Nfg3 Qc7 22.Nf5 Rad8
23.Qf3 Nc5 24.Nxc5 Bxc5 25.h4 Ba7 26.h5 e4 27.Rxe4 Bxf2+ 28.Kxf2 Qh2+ 29.Ke1
Ne5 30.Qe2 Qg1+ 31.Qf1 Rd1+ {#R} 0-1

[Event "Cup Mitropa"]
[Site "masterchessopen.com Chur (Switzerland)"]
[Round "3"]
[White "Fargere Francois (FRA)"]
[Black "Ragger Markus (AUT)"]
[Result "0-1"]
[WhiteElo "2507"]
[BlackElo "2628"]

1.e4 e5 2.Nf3 Nc6 3.Bb5 a6 4.Ba4 Nf6 5.O-O Be7 6.Re1 b5 7.Bb3 d6 8.c3 O-O 9.h3
Nb8 10.d4 Nbd7 11.Nbd2 Bb7 12.Bc2 Re8 13.Nf1 Bf8 14.Ng3 g6 15.Bg5 Bg7 16.Qd2
Qe7 17.a4 Nb6 18.b3 bxa4 19.bxa4 a5 20.Nh2 Qf8 21.Bd3 h6 22.Bxf6 Bxf6 23.d5
Reb8 24.Bb5 Ba6 25.Bxa6 Rxa6 26.Qd3 Ra7 27.Qb5 Qc8 28.Reb1 Rab7 29.Qa6 Nd7
30.Rxb7 Rxb7 31.Qxa5 Nc5 32.Rd1 Qb8 33.c4 Rb4 34.Ng4 Bg7 {#R} 0-1

[Event "It (open)"]
[Site "masterchessopen.com Voronezh (Russia)"]
[Date "2010.06.12"]
[Round "1"]
[White "Revo Tanya (BLR)"]
[Black "Khruschiov Alexey (MDA)"]
[Result "0-1"]
[WhiteElo "1988"]
[BlackElo "2422"]

1.e4 e5 2.Nf3 Nc6 3.Bb5 a6 4.Ba4 Nf6 5.O-O b5 6.Bb3 d6 7.c3 Be7 8.h3 O-O 9.Re1
Nb8 10.d4 Nbd7 11.Nbd2 Bb7 12.Bc2 Re8 13.Nf1 Bf8 14.Ng3 g6 15.b3 c6 16.Be3 Qc7
17.c4 exd4 18.Bxd4 c5 19.Bb2 bxc4 20.bxc4 Ne5 21.Qe2 Reb8 22.Bc3 Nfd7 23.Red1
a5 24.Nxe5 Nxe5 25.f4 Nc6 26.Rab1 Nd4 27.Bxd4 cxd4 28.Qd3 Ba6 29.Rxb8 Rxb8
30.Bb3 Rb4 31.Qxd4 a4 32.Nh5 gxh5 33.Rd3 h4 {#R} 0-1

[Event "Ch Turkey (team)"]
[Site "masterchessopen.com Konya (Turkey)"]
[Date "2010.07.01"]
[Round "4"]
[White "Menzi N"]
[Black "Sasmazel Burcu (TUR)"]
[Result "0-1"]
[WhiteElo "1851"]
[BlackElo "1909"]

1.e4 e5 2.Nf3 Nc6 3.Bb5 a6 4.Ba4 Nf6 5.O-O Be7 6.Re1 b5 7.Bb3 d6 8.c3 O-O 9.h3
Nb8 10.d4 Nbd7 11.Be3 Bb7 12.dxe5 dxe5 13.Bd5 c6 14.Bb3 Nxe4 15.Bc1 c5 16.Bc2
f5 17.Nxe5 Nxe5 18.Qxd8 Raxd8 19.f3 Bh4 20.Re2 Bf2+ 21.Rxf2 Nxf2 22.Kxf2 Nd3+
23.Bxd3 Rxd3 24.Be3 f4 25.Bxc5 Re8 26.Na3 Rd2+ 27.Kf1 Ree2 28.Re1 Rxe1+
29.Kxe1 Rxb2 {#R} 0-1

[Event "Ch Turkey (team)"]
[Site "masterchessopen.com Konya (Turkey)"]
[Date "2010.07.05"]
[Round "8"]
[White "Ulusoy Nisan (TUR)"]
[Black "Sasmazel Burcu (TUR)"]
[Result "0-1"]
[WhiteElo "1555"]
[BlackElo "1909"]

1.e4 e5 2.Nf3 Nc6 3.Bb5 a6 4.Ba4 Nf6 5.O-O Be7 6.Re1 b5 7.Bb3 d6 8.c3 O-O 9.h3
Nb8 10.d4 Nbd7 11.Nbd2 Bb7 12.Bc2 Re8 13.Nf1 Bf8 14.Ng3 g6 15.Bg5 h6 16.Bd2 c5
17.d5 c4 18.b3 Nb6 19.Rb1 Bc8 20.Be3 Nfd7 21.Qd2 h5 22.Bh6 {#R} 0-1

[Event "It (open) \"]
[Site "masterchessopen.com Jyvaskyla (Finland)"]
[Date "2010.07.10"]
[Round "8"]
[White "Luukkonen Tommi (FIN)"]
[Black "Solozhenkin Evgeniy (RUS)"]
[Result "1-0"]
[WhiteElo "2298"]
[BlackElo "2488"]

1.e4 e5 2.Nf3 Nc6 3.Bb5 a6 4.Ba4 Nf6 5.O-O Be7 6.Re1 b5 7.Bb3 d6 8.c3 O-O 9.h3
Nb8 10.d4 Nbd7 11.Nbd2 Bb7 12.Bc2 Re8 13.a4 Bf8 14.Bd3 c6 15.b3 g6 16.Ba3 Qc7
17.Qc2 Rac8 18.Rab1 Bh6 19.c4 exd4 20.Nxd4 b4 21.Bb2 Re7 22.c5 dxc5 23.N4f3
Ne8 24.e5 Rd8 25.Nc4 Nf8 26.Ne3 Ne6 27.Ng4 Bf8 28.Bc4 Bc8 29.Qe4 a5 30.h4 Nd4
31.Bxd4 Bf5 32.Qf4 cxd4 33.Nh6+ Bxh6 34.Qxh6 Bxb1 35.Ng5 Nf6 36.exf6 Rxe1+
37.Bf1 {#r} 1-0

[Event "Ch Slovakia (open)"]
[Site "masterchessopen.com Banska Stiavnica (Slovakia)"]
[Date "2010.07.16"]
[Round "7"]
[White "Nemcova Katerina (CZE)"]
[Black "Lukac Roman (SVK)"]
[Result "1-0"]
[WhiteElo "2283"]
[BlackElo "2163"]

1.e4 e5 2.Nf3 Nc6 3.Bb5 a6 4.Ba4 Nf6 5.O-O b5 6.Bb3 Be7 7.Re1 O-O 8.h3 d6 9.c3
Nb8 10.d4 Nbd7 11.Nbd2 Bb7 12.Bc2 Re8 13.Nf1 Bf8 14.Ng3 g6 15.a4 Bg7 16.d5 Nb6
17.a5 Nc8 18.b3 c5 19.Bg5 h6 20.Be3 Kh8 21.Qd2 Ng8 22.Nh2 Qh4 23.Rf1 Nce7
24.Nf3 Qf6 25.Kh2 Rac8 26.Rh1 Rc7 27.Kg1 g5 28.Rf1 Qg6 29.h4 g4 30.Ng5 Bf6
31.Bd1 Bc8 32.f3 h5 33.fxg4 hxg4 34.h5 Qg7 35.h6 Qg6 36.h7 {#r} 1-0

[Event "Ch Nicaragua (juniors)"]
[Site "masterchessopen.com Managua (Nicaragua)"]
[Date "2010.07.18"]
[Round "3"]
[White "David Alarcon (NCA)"]
[Black "Medrano Randall (NCA)"]
[Result "1-0"]
[WhiteElo "2088"]
[BlackElo "1882"]

1.e4 e5 2.Nf3 Nc6 3.Bb5 a6 4.Ba4 Nf6 5.O-O Be7 6.Re1 b5 7.Bb3 O-O 8.c3 d6 9.h3
Nb8 10.d4 Nbd7 11.Nbd2 Bb7 12.Bc2 Re8 13.Nf1 Bf8 14.Ng3 g6 15.Be3 c5 16.Qd2
exd4 17.cxd4 Nxe4 18.Nxe4 Bxe4 19.Bg5 f6 20.Bxe4 Rxe4 21.Rxe4 fxg5 22.Qxg5 Nf6
23.Re6 Be7 24.Rae1 Ra7 25.Kh2 Kg7 26.Qe3 Ng8 27.Qd2 c4 28.Qf4 Rd7 29.h4 Nf6
30.Ng5 Qe8 31.Rxf6 {#r} 1-0

[Event "Cup Corporation \"]
[Site "masterchessopen.com Izhevsk (Russia)"]
[Date "2010.07.23"]
[Round "9"]
[White "Makarenko Alexandra (RUS)"]
[Black "Tyulkin Igor (RUS)"]
[Result "1-0"]
[WhiteElo "1918"]
[BlackElo "2019"]

1.e4 e5 2.Nf3 Nc6 3.Bb5 a6 4.Ba4 Nf6 5.O-O Be7 6.Re1 b5 7.Bb3 d6 8.c3 O-O 9.h3
Nb8 10.d4 Nbd7 11.Nbd2 Bb7 12.Bc2 Re8 13.Nf1 Bf8 14.g4 exd4 15.Ng3 d3 16.Qxd3
Nc5 17.Qd4 g6 18.Bg5 Bg7 19.Qd2 Qd7 20.Bxf6 Bxf6 21.b4 Ne6 22.e5 Qc6 23.Be4 d5
24.exf6 dxe4 25.Qh6 Kh8 26.Ng5 e3 {#r} 1-0

[Event "It (open)"]
[Site "masterchessopen.com Pardubice (Czech Republic)"]
[Date "2010.07.26"]
[Round "4"]
[White "Zaslavsky Michael (ISR)"]
[Black "Miron Lucian-Costin (ROM)"]
[Result "1-0"]
[WhiteElo "2435"]
[BlackElo "2500"]

1.e4 e5 2.Nf3 Nc6 3.Bb5 a6 4.Ba4 Nf6 5.O-O Be7 6.Re1 b5 7.Bb3 d6 8.c3 O-O 9.h3
Nb8 10.d4 Nbd7 11.c4 Bb7 12.Nc3 c6 13.a3 exd4 14.Nxd4 Nc5 15.Nf5 Nxb3 16.Qxb3
Bc8 17.Nxe7+ Qxe7 18.cxb5 axb5 19.Bg5 h6 20.Bh4 Qe6 21.Qxe6 fxe6 22.e5 dxe5
23.Bg3 Nd5 24.Ne4 b4 25.axb4 Rxa1 26.Rxa1 Nxb4 27.Ra3 Rd8 28.Bxe5 Nd3 29.f4 c5
30.Ra8 Rf8 31.Ra7 Nxe5 32.fxe5 Kh7 33.Nd6 Kg8 34.b3 g6 35.Ne4 Rd8 36.Nxc5 Kf8
37.Rh7 {#r} 1-0

[Event "Ch World (schools)"]
[Site "masterchessopen.com Kayseri (Turkey)"]
[Date "2010.07.30"]
[Round "9"]
[White "Ulusoy Nisan (TUR)"]
[Black "Gundogan Sinem Cagla (TUR)"]
[Result "1-0"]
[WhiteElo "1555"]
[BlackElo "1421"]

1.e4 e5 2.Nf3 Nc6 3.Bb5 a6 4.Ba4 Nf6 5.O-O Be7 6.Re1 b5 7.Bb3 d6 8.c3 O-O 9.h3
Nb8 10.d4 Nbd7 11.Nbd2 c5 12.Nf1 Re8 13.Ng3 Nf8 14.dxe5 dxe5 15.Nxe5 Be6
16.Bxe6 Nxe6 17.a4 Bd6 18.Nc6 Qc7 19.e5 Qxc6 20.Qxd6 Nd8 21.Nf5 Qd7 22.Qxd7
Nxd7 23.axb5 Nxe5 24.Bf4 f6 25.bxa6 Ndc6 26.Nd6 Re7 27.Bxe5 fxe5 28.Nb7 Rb8
29.Ra2 Ra8 30.Nxc5 Nb8 31.b4 Raa7 32.b5 Rac7 33.b6 Rxc5 34.a7 {#r} 1-0

[Event "Tournament (Elo) \"]
[Site "masterchessopen.com Warsaw (Poland)"]
[Date "2010.07.30"]
[Round "5"]
[White "Prus Marek (POL)"]
[Black "Kwiatkowski Andrzej (POL)"]
[Result "0-1"]
[WhiteElo "1811"]
[BlackElo "1843"]

1.e4 e5 2.Nf3 Nc6 3.Bb5 a6 4.Ba4 Nf6 5.O-O Be7 6.Re1 b5 7.Bb3 d6 8.h3 O-O 9.c3
Nb8 10.d4 Nbd7 11.Nbd2 Bb7 12.Bc2 Re8 13.Nf1 Bf8 14.Ng3 g6 15.Bg5 h6 16.Bd2
Bg7 17.Qc1 Kh7 18.a4 bxa4 19.Rxa4 Nb6 20.Ra2 Nc4 21.Bb3 Nxd2 22.Nxd2 Kg8
23.Qc2 Qe7 24.Ra5 Nd7 25.Qd3 h5 26.Qe3 h4 27.Ngf1 Kh7 28.Qf3 exd4 29.cxd4 Bxd4
30.Ne3 Ne5 31.Qf4 Nd3 32.Rh5+ gxh5 33.Qf5+ Kg8 34.Qg6+ Bg7 35.Nf5 Qf6 36.Bxf7+
Kf8 37.Bxe8 Qxg6 38.Bxg6 Nxe1 {#R} 0-1

[Event "Ch World (juniors) (under 20) (g)"]
[Site "masterchessopen.com Chotowa (Poland)"]
[Date "2010.08.05"]
[Round "3"]
[White "Warakomska Anna (POL)"]
[Black "Nemcova Katerina (CZE)"]
[Result "0-1"]
[WhiteElo "2188"]
[BlackElo "2283"]

1.e4 e5 2.Nf3 Nc6 3.Bb5 a6 4.Ba4 Nf6 5.O-O Be7 6.Re1 b5 7.Bb3 d6 8.c3 O-O 9.h3
Nb8 10.d4 Nbd7 11.Nbd2 Bb7 12.Bc2 Re8 13.a4 Bf8 14.Bd3 b4 15.cxb4 exd4 16.Nxd4
Ne5 17.Bb1 d5 18.f4 dxe4 19.Nxe4 Ng6 20.Nxf6+ Qxf6 21.Rxe8 Rxe8 22.Bxg6 Qxg6
23.Nf3 Bxb4 24.b3 {#R} 0-1

[Event "It \"]
[Site "masterchessopen.com Chalkidiki (Greece)"]
[Date "2010.08.17"]
[Round "9"]
[White "Gerzhoy Leonid (CAN)"]
[Black "Kokolias Konstantinos (GRE)"]
[Result "1-0"]
[WhiteElo "2485"]
[BlackElo "2213"]

1.e4 e5 2.Nf3 Nc6 3.Bb5 a6 4.Ba4 Nf6 5.O-O Be7 6.Re1 b5 7.Bb3 d6 8.c3 O-O 9.h3
Nb8 10.d4 Nbd7 11.Nbd2 Bb7 12.Bc2 Re8 13.Nf1 Bf8 14.Ng3 g6 15.a4 c5 16.d5 c4
17.Bg5 h6 18.Be3 Nc5 19.Qd2 h5 20.Bg5 Be7 21.axb5 axb5 22.Rxa8 Qxa8 23.Nh4 Bc8
24.Nhf5 gxf5 25.Bxf6 Bxf6 26.Nxh5 Bh8 27.exf5 Nd3 28.Qg5+ Kh7 29.Re4 Rg8
30.Nf6+ {#r} 1-0

[Event "It (open) \"]
[Site "masterchessopen.com Kiev (Ukraine)"]
[Date "2010.08.24"]
[Round "3"]
[White "Poleshchuk Dmitriy (BLR)"]
[Black "Kabachienko Alexandr (UKR)"]
[Result "1-0"]
[WhiteElo "2209"]
[BlackElo "2075"]

1.e4 e5 2.Nf3 Nc6 3.Bb5 a6 4.Ba4 Nf6 5.O-O Be7 6.Re1 b5 7.Bb3 d6 8.c3 O-O 9.h3
Nb8 10.d4 Nbd7 11.Nbd2 Bb7 12.a4 h6 13.Qe2 c6 14.Nf1 Re8 15.Ng3 Bf8 16.Qd3 g6
17.Nh4 d5 18.exd5 Nxd5 19.Nf3 exd4 20.Rxe8 Qxe8 21.cxd4 bxa4 22.Bxa4 N7b6
23.Bb3 Bg7 24.Bd2 Qf8 25.Ba5 Kh8 26.Ne5 Bxe5 27.dxe5 Re8 28.e6 f5 29.Bxb6 Nxb6
30.Qd4+ {#r} 1-0

[Event "Olympiad"]
[Site "masterchessopen.com Khanty Mansyisk (Russia)"]
[Date "2010.09.28"]
[Round "7"]
[White "Karjakin Sergey (RUS)"]
[Black "Tomashevsky Evgeny (RUS)"]
[Result "1-0"]
[WhiteElo "2747"]
[BlackElo "2701"]

1.e4 e5 2.Nf3 Nc6 3.Bb5 a6 4.Ba4 Nf6 5.O-O Be7 6.Re1 b5 7.Bb3 d6 8.c3 O-O 9.h3
Nb8 10.d4 Nbd7 11.Nbd2 Bb7 12.Bc2 Re8 13.a4 Bf8 14.Bd3 c6 15.b3 Qc7 16.Bb2
Rac8 17.axb5 cxb5 18.c4 exd4 19.cxb5 Nc5 20.Bf1 axb5 21.Bxb5 Re7 22.Nxd4 Nfxe4
23.Nxe4 Rxe4 24.b4 Qb6 25.bxc5 dxc5 26.Rxe4 Bxe4 27.Qg4 Qb7 28.Nf5 Bxf5
29.Qxf5 Qxb5 30.Bxg7 Rb8 31.Bc3 Qb6 32.Qg5+ Qg6 33.Qe5 {#r} 1-0

[Event "Bundesliga B West 2010/11"]
[Site "masterchessopen.com Austria"]
[Date "2010.10.15"]
[Round "1"]
[White "Hoellrigl Wilfried (AUT)"]
[Black "Gruber Michael (AUT)"]
[Result "1-0"]
[WhiteElo "2188"]
[BlackElo "2136"]

1.e4 e5 2.Nf3 Nc6 3.Bb5 a6 4.Ba4 Nf6 5.O-O Be7 6.Re1 b5 7.Bb3 d6 8.c3 O-O 9.h3
Nb8 10.d4 Nbd7 11.Nbd2 Bb7 12.Bc2 Re8 13.Nf1 Bf8 14.Ng3 g6 15.Bg5 c5 16.Qd2
Rc8 17.d5 c4 18.Nh4 Bg7 19.Nhf5 gxf5 20.Nxf5 Nf8 21.Bh6 Nh5 22.Bxg7 Rc7
23.Bxf8 {#r} 1-0

[Event "It (open)"]
[Site "masterchessopen.com Bad Wiessee (Germany)"]
[Date "2010.11.05"]
[Round "8"]
[White "Pauw Martijn (NED)"]
[Black "Singer Christoph (GER)"]
[Result "0-1"]
[WhiteElo "2040"]
[BlackElo "2369"]

1.e4 e5 2.Nf3 Nc6 3.Bb5 a6 4.Ba4 Nf6 5.O-O b5 6.Bb3 Be7 7.Re1 d6 8.c3 O-O 9.h3
Nb8 10.d4 Nbd7 11.Nbd2 Bb7 12.Bc2 Re8 13.Nf1 Bf8 14.Ng3 g6 15.Bg5 h6 16.Bd2
Bg7 17.a4 exd4 18.cxd4 c5 19.d5 Nb6 20.Qc1 Kh7 21.h4 Nc4 22.Bc3 b4 23.b3 bxc3
24.bxc4 Nd7 25.e5 Nxe5 26.Nxe5 Bxe5 27.h5 Qg5 28.hxg6+ fxg6 29.Rb1 Bc8 30.Qxg5
hxg5 31.Ne4 Bf5 32.Nxg5+ Kg8 33.Bxf5 gxf5 34.Ne6 Rab8 35.f4 Bd4+ 36.Kf1 Rxb1
37.Rxb1 Be3 {#R} 0-1